| 000 | 00755nam a2200217Ia 4500 | ||
|---|---|---|---|
| 008 | 191130s2005##################000#0#eng## | ||
| 020 | _a9780333781937 | ||
| 022 | _a2004052827 | ||
| 040 |
_aACL _cACL |
||
| 082 | _a801.95 LEC | ||
| 100 | _aBecker-Leckrone, Megan | ||
| 245 |
_aJulia Kristeva and literary theory _cMegan Becker-Leckrone |
||
| 260 |
_aHoundmills, Basingstoke, Hampshire ; New York _bPalgrave Macmillan _c2005 |
||
| 300 | _axiv, 215 p. ; 23 cm | ||
| 500 | _aIncludes bibliographical references (p. 202-209) and index | ||
| 650 | _aKristeva, Julia, 1941- - Criticism and interpretation | ||
| 650 | _aLiterature, Modern - History and criticism | ||
| 990 | _af6eb9f83ac10000c6d80c2c8a0b6ebe0 | ||
| 991 | _a255257 | ||
| 999 |
_c224573 _d224573 |
||